| 000 | 01068nam a22002537a 4500 | ||
|---|---|---|---|
| 005 | 2009111306196.0 | ||
| 008 | 091113t xxu||||| |||| 00| 0 eng d | ||
| 010 | _aENG-95443 | ||
| 020 |
_a9788189005610 _c175.00 |
||
| 035 | _aEN-78976 | ||
| 037 | _bDBAD/PUB | ||
| 040 |
_aDPL _beng |
||
| 082 | _a370.954 | ||
| 100 | _aThakur, K. R. | ||
| 245 |
_aEducational development and technology / _cby K. R. Thakur |
||
| 260 |
_aNew Delhi _bSaurabh Publishing House _c2010 |
||
| 270 |
_a4263/3, Ansari road, Darya Ganj _bNew Delhi _e110002 |
||
| 300 |
_a258p. _c22 cm.(pbk) |
||
| 500 | _aIncludes index | ||
| 856 | _uhttp://www.loc.gov/catdir/toc/ecip0721/2007025342.html | ||
| 942 |
_2ddc _cEN _mTHA _h370.954 |
||
| 999 |
_c31782 _d31782 |
||